Philosophy and education ; modern readings /

Bibliographic Details
Main Author: Scheffler, Israel
Other Authors: Aiken, Henry D. (Henry David), 1912-1982
Format: Book
Language:English
Published: Boston : Allyn and Bacon, 1958.
Subjects:

MARC

Tag First Indicator Second Indicator Subfields
LEADER 00000cam a2200000 4500
001 in00000078347
005 20151008052802.0
008 741018s1958 mau 00000 eng u
010 |a  58008913  
035 |a (OCoLC)01045639 
035 |9 AAH4867AM 
040 |c AKR  |d TXA  |d UtOrBLW 
049 |a TXAM  |c [406353] 
050 0 |a LB7  |b .S28 
082 0 |a 370.104 
092 |a 370.1  |b S317p, 1958 
100 1 |a Scheffler, Israel. 
245 1 0 |a Philosophy and education ;  |b modern readings /  |c [by] Henry D. Aiken [and others] Edited, with comments, by Israel Scheffler. 
264 1 |a Boston :  |b Allyn and Bacon,  |c 1958. 
300 |a 311 pages :  |b illustrations ;  |c 23 cm. 
336 |a text  |b txt  |2 rdacontent 
337 |a unmediated  |b n  |2 rdamedia 
338 |a volume  |b nc  |2 rdacarrier 
650 0 |a Education  |x Philosophy. 
700 1 |a Aiken, Henry D.  |q (Henry David),  |d 1912-1982. 
999 |a MARS 
999 f f |s a5fc76b7-c848-37b1-8ae5-0cba01a6156d  |i 57d52fa8-1f14-337b-baf7-c908dcf3ed78  |t 0 
952 f f |p ric  |a Texas A&M University  |b Rellis Campus  |c Joint Library Facility  |d Remote Storage  |t 0  |e LB7 .S28  |h Library of Congress classification  |i unmediated -- volume  |m A14800819634 
998 f f |a LB7 .S28  |t 0  |l Remote Storage